000 00590nam a2200241 a 4500
001 BS0002049
003 BR-BrBNA
005 20230418191920.0
008 230308b |||||||| |||| 00| 0 por d
040 _aBR-BrBNA
_bpor
_cBiblioteca Nacional de Agricultura
041 _apor
072 _aD50
090 _aD50 BS0002049
100 1 _aNovelino, M.
245 1 _aDireito Constitucional /
250 1 _a2 ed.
260 3 _bMétodo,
_c2008.
300 _a720 p.
650 _aDIREITO
_93
650 _aDIREITO CONSTITUCIONAL
909 _a202304
_bSergio Santos
_c56
_dSergio Santos
942 _cBK
999 _c7097
_d7097